• 首页
  • 本馆介绍
  • 公告通知
  • 最新文献
  • 馆藏检索
  • 电子资源
  • 读者导购
  • 参考咨询
  • 我的图书馆
  • 登录
  • 详细信息显示
  • 放入我的书架
  • 预约/预借图书
  • 作者相关作品
  • 分类相关作品
  • 丛书相关作品
  • 出版社相关作品

书目信息

  • 表格格式
  • 工作单格式
  • 卡片格式
题名:
JSP动态网站设计案例教程
    
 
作者: 陈战胜 , 薛晓霞 主编
分册:  
出版信息: 北京   电子工业出版社  2016
页数: 250页
开本: 26cm
丛书名:
单 册:
中图分类: TP312JA , TP393.092.2 , TP312
科图分类:
主题词: JAVA语言--JAVA yu yan--网页制作工具--职业教育--教材
电子资源:
ISBN: 978-7-121-29430-3
000 01420nam0 2200301 450
001 1650555235
005 20161225140250.87
010    @a978-7-121-29430-3@dCNY39.00
100    @a20160902d2016 em y0chiy50 ea
101 0  @achi
102    @aCN@b110000
105    @aak z 000yy
106    @ar
200 1  @aJSP动态网站设计案例教程@AJSP dong tai wang zhan she ji an li jiao cheng@f陈战胜, 薛晓霞主编
205    @a第2版
210    @a北京@c电子工业出版社@d2016
215    @a250页@c图@d26cm
330    @a本书利用JSTL标记和EL语言的简洁性, 配合Servlet、JavaBeans进行网站的开发, 并以Macromedia Dreamweaver CS4作为网站建设的主要工具, 结合“清凉奕霞鲜花网站”开发实例, 详细介绍设计和开发动态网站应具备的理论知识、方法和技能。本书共两部分。第一部分以“清凉奕霞鲜花网站”为载体, 介绍了静态网站和动态网站的概念、原理, 搭建网站开发环境的方法, 并遵循项目实战中软件开发流程, 以任务驱动方式介绍了系统需求分析、系统概要设计以及系统详细设计的过程, 循序渐进地实现了完整的“清凉奕霞鲜花网站”实例。第二部分为实训模块, 包含新闻版块和BBS论坛。
333    @a“十二五”职业教育国家规划教材 高等应用型人才培养规划教材
606 0  @aJAVA语言@AJAVA yu yan@x网页制作工具@x职业教育@j教材
610 0  @aJSP
690    @aTP312JA@v5
690    @aTP393.092.2@v5
690    @aTP312@v5
701  0 @a陈战胜@Achen zhan sheng@4主编
701  0 @a薛晓霞@Axue xiao xia@4主编
801  0 @aCN@b人天书店@c20160902
905    @aMUSE@dTP312@e233
    
    JSP动态网站设计案例教程/陈战胜, 薛晓霞主编.-第2版.-北京:电子工业出版社,2016
    250页:图;26cm
    使用对象:“十二五”职业教育国家规划教材 高等应用型人才培养规划教材
    
    ISBN 978-7-121-29430-3:CNY39.00
    本书利用JSTL标记和EL语言的简洁性, 配合Servlet、JavaBeans进行网站的开发, 并以Macromedia Dreamweaver CS4作为网站建设的主要工具, 结合“清凉奕霞鲜花网站”开发实例, 详细介绍设计和开发动态网站应具备的理论知识、方法和技能。本书共两部分。第一部分以“清凉奕霞鲜花网站”为载体, 介绍了静态网站和动态网站的概念、原理, 搭建网站开发环境的方法, 并遵循项目实战中软件开发流程, 以任务驱动方式介绍了系统需求分析、系统概要设计以及系统详细设计的过程, 循序渐进地实现了完整的“清凉奕霞鲜花网站”实例。第二部分为实训模块, 包含新闻版块和BBS论坛。
●
相关链接 在五车中查询图书 在当当中查询图书 在豆瓣中查询图书


正题名:JSP动态网站设计案例教程     索取号:TP312/233         预约/预借

序号 登录号 条形码 馆藏地/架位号 状态 备注
1 817572   2000817572   第二书库/ [索取号:TP312/233] 在馆    
2 817573   2000817573   第二书库/ [索取号:TP312/233] 在馆    
3 817574   2000817574   第二书库/ [索取号:TP312/233] 在馆    
山东省滨州职业学院图书馆 欢迎您!
大连网信软件有限公司© 版权所有